000 00608nam a2200193 a 4500
001 000018680
003 DO-SdBNP
005 20250910101101.0
008 100513s2001 nq r 000 | spa d
020 _a9992442417
040 _aDO-SdBNP
_bspa
_cBNPHU
049 _aBNGR
100 1 _aCabrales, Luis Alberto,
_d1901-1974
_940339
245 1 0 _aÓpera Parva /
_cLuis Alberto Cabrales ; prólogo Julio Valle-Castillo ;.
260 _aManagua, Nicaragüa :
_bAsociación Noruea de Escritores (ANE),
_c2001.
300 _a194 p. ;
_c21 cm.
700 1 _aValle-Castillo, Julio,
_eed.
_922770
942 _2ddc
_cLBS1
999 _c18200
_d18200